Statistics for Marvel/DC comics Quiz

Click here to take the quiz!

General Stats

  • This quiz has been taken 476 times
    (240 since last reset)
  • The average score is 11 of 20

Answer Stats

QuestionAnswer% Correct
What was the first film of the Marvel Cinematic Universe?Iron Man
94%
Who is Tony Stark's love interest?Virginia "Pepper" Potts
87%
Natasha Romanoff is also know by what other name?The Black Widow
86%
What is Tony Stark's computer called?J.A.R.V.I.S
84%
What is the name of the actor who plays 'Captain America' and also played a role in 'The Fantastic Four'?Chris Evans
83%
In Avengers (2012), what is Hawkeye's real name?Clint Barton
78%
What year was the first Thor film released?2011
74%
What is the name of the 2012 reboot film version of Spiderman?The Amazing Spider-Man
74%
What is Alfred Pennyworth's occupation?A Butler
72%
Tim Burton directed what DC comic film in 1989?Batman
72%
Edward Norton played who in 'The Incredible Hulk' (2008)?Dr Bruce Banner/The Incredible Hulk
70%
In Thor, who does Loki find out is his real father?Laufey
48%
Who directed Spiderman 3 (2007)?Sam Raimi
44%
In the post-credits scene in Iron Man 2, where does Agent Coulson find the hammer?New Mexico
38%
Who plays Superman/Clark Kent in 'Superman Returns' (2006)?Brandon Routh
30%
Which actress plays Rogue in the X-Men series?Anna Paquin
27%
Who was Hulk (2003) directed by?Ang Lee
25%
In the X-Men films, what is Magneto's real name?Erik Lehnsherr
23%
Who plays the Green Goblin/Harry Osborn in the sequel of the above?Dane DeHaan
12%
As of March 2015, what film is the 11th 'Highest Grossing' film?The Dark Knight Rises
8%

Score Distribution

Percentile by Number Answered

Percent of People with Each Score

Your Score History

You have not taken this quiz since the last reset